Регионална библиотека "Любен Каравелов" - Русе

Събрани разкази (Запис номер 452386)

MARC детайли
000 -Лидер
Контролно поле с фиксирана дължина 01014nam a2200265 a 4500
003 - Код на организацията, давaща контролен номер
Контролно поле BLK
005 - Дата и час на последна редакция
Контролно поле 20250621164421.0
008 - Елементи от данни с фиксирана дължина
fixed length control field 220406b bul|||||r ||||||| ||bul||
020 ## - Международен стандартен номер на книга ISBN
Международен стандартен номер на книга ISBN 9789542835431
040 ## - Източник на каталожния запис
Идентификатор на билиотеката - собственик на записа BLK
041 ## - Код за език
Код за езика на текст/звукозапис или на отделно заглавие Български
Код за езика КДБФ Български
080 ## - УДК
Текстов определител УДК Американска литература (на САЩ)
УДК код - определител по УДК 821.111(73)
УДК определител -32
УДК - код + определител 821.111(73)-32
100 ## - Редна дума - Автор
Автор Вонегът, Кърт
Авторска отговорност първи автор
R(LIN) 243619
139 ## - Редно поле
Редна дума Вонегът, Кърт
Авторски знак Волт - В 83
245 10 - Сведения за заглавието
Заглавие Събрани разкази
Подзаглавни данни Т. 1 -
Редно поле (дума) Кърт Вонегът ; прев. Надя Баева и др.
Том Т. 1
257 ## - Страна на издаване
Страна на създаване/издаване България
260 ## - Област на издателските данни
Място на издаване, разпространение и проч. София
Име на издателя, разпространителя и проч. Сиела Норма
Година на издаване 2021
9 (RLIN) 217021
Издателство - префикс ISBN 978-954-28-
300 ## - Физическа характеристика
Размери/Мащаб 24 см
380 ## - Жанр
Жанр Худож. лит.
500 ## - Общи забележки
Забележка Ориг. загл. Complete Stories / Kurt Vonnegut
760 1# - Описание на основната серия
Редна дума на основното описание Вонегът, Кърт
Място на издаване, издател и година Сиела Норма, 2021
Страници - том 696 с.
Част - том Т. 1
852 ## - Местоположение
Фондова буква Заемна - подръчен фонд
Систематично-азбучна сигнатура 821-32/В 83 К
999 ## - СИСТЕМНИ КОНТРОЛНИ НОМЕРА
Koha biblionumber 452386
Koha biblioitemnumber 452386
942 ## - АРТИКУЛИ
Вид на библиотечния материал Книги
Скрит в OPAC Не
Периодичен библиозапис Да
Koha issues (borrowed), all copies 5
944 ## - СЪЗДАВАНЕ И РЕДАКЦИЯ на ЗАПИСА
Създаване/Редакция Създаване
Дата на регистрацията/редакция 2022-04-06
Служител, извършил регистрацията/редакцията 30534
Статус, дата на статуса Радостина Карадакова
Наличности
Код за отписване Код за изгубен артикул Източник на класификационната схема Код за повреда Коз за рестрикции Код за отдаване Артикулен № Име на библиотеката - собственик Име на библиотеката, в която се намира в момента Статус (Текущо местоположение) Дата на вписване в системата Местоположение - отдел Цена в лева Систематично азбучна сигнатура Баркод Цена в евро Служебен тип на артикула
  Не е изгубен Universal Decimal Classification Не е повреден без рестрикции заемане за дома 882275 Регионална библиотека "Любен Каравелов" Русе Регионална библиотека "Любен Каравелов" Русе Заемна - подръчен фонд 2022-04-20 Заемна - подръчен фонд 24.95 821-32/В 83 К 120000871261 12.76 Книги
Vip Innovations Ltd, Rousse, Bulgaria 2025